Music Quiz

Random Music or Singers Quiz

Mariah Carey's Certifications Quiz Stats

 Plays Quiz not verified by Sporcle

Score 0/45 Timer 08:00
0 Plays Today
Type % Correct
ALBUMSMariah Carey
91.7%
SINGLESWe Belong Together
90.9%
ALBUMSThe Emancipation of Mimi
90.1%
ALBUMSMusic Box
89.7%
ALBUMSEmotions
89.7%
SINGLESEmotions
89.7%
ALBUMSButterfly
88.9%
ALBUMSDaydream
88.1%
ALBUMSGlitter (OST)
87%
SINGLESVision of Love
85.8%
SINGLESOne Sweet Day
84.6%
SINGLESHero
84.2%
ALBUMSRainbow
83.4%
ALBUMSCharmbracelet
83.4%
SINGLESFantasy
83%
ALBUMSE=MC2
83%
ALBUMSMerry Christmas
81.4%
SINGLESHoney
81%
ALBUMSMemoirs Of An Imperfect Angel
81%
SINGLESDreamlover
80.2%
SINGLESHeartbreaker
79.1%
ALBUMS#1's
78.3%
DVD/VHS#1's
78.3%
Type % Correct
SINGLESLove Takes Time
77.5%
SINGLESTouch My Body
77.1%
SINGLESMy All
77.1%
SINGLESSomeday
75.5%
SINGLESAlways Be My Baby
75.1%
SINGLESAll I Want For Christmas Is You
72.3%
SINGLESThank God I Found You
69.2%
ALBUMSMTV Unplugged
68.8%
ALBUMSGreatest Hits
68.8%
SINGLESDon't Forget About Us
68.8%
SINGLESShake It Off
68.4%
SINGLESObsessed
66.4%
SINGLESWithout You
65.6%
ALBUMSMerry Christmas II You
64.4%
SINGLESLoverboy
59.3%
SINGLESIt's Like That
49%
SINGLESI Still Believe
46.6%
DVD/VHSThe Adventures of Mimi
44.7%
DVD/VHSAround The World
34.8%
DVD/VHSMariah Carey At Madison Square Garden
23.3%
DVD/VHSThe First Vision
20.6%
DVD/VHSHere Is Mariah Carey
12.6%

You're not logged in!

Compare scores with friends on all Sporcle quizzes.
OR
Log In

You Might Also Like...

Show Comments

Extras

Top Quizzes Today


Score Distribution

Your Account Isn't Verified!

In order to create a playlist on Sporcle, you need to verify the email address you used during registration. Go to your Sporcle Settings to finish the process.

Report this User

Report this user for behavior that violates our Community Guidelines.

Details: